इसे छोड़कर सामग्री पर बढ़ने के लिए
Inicio
Centros participantes
Catálogo
Servicios
Contacto
लॉग इन करें
English
Deutsch
Español
Français
Italiano
日本語
Nederlands
Português
Português (Brasil)
中文(简体)
中文(繁體)
Türkçe
עברית
Gaeilge
Cymraeg
Ελληνικά
Català
Euskara
Русский
Čeština
Suomi
Svenska
polski
Dansk
slovenščina
اللغة العربية
বাংলা
Galego
Tiếng Việt
Hrvatski
हिंदी
Հայերէն
Українська
Sámegiella
भाषा
सभी फ़ील्ड्स
शीर्षक
लेखक
विषय
बोधानक
आईएसबीएन / आईएसएसएन
टैग
खोज
उन्नत
U.S. Policy in Central America...
इसे उद्धृत करें
इसे ईमेल करें
प्रिंट
निर्यात रिकॉर्ड
को निर्यात RefWorks
को निर्यात EndNoteWeb
को निर्यात EndNote
सूची में सहेजें
स्थायी लिंक
पहली रेटिंग जोड़ें
U.S. Policy in Central America and Mexico /
में बचाया:
ग्रंथसूची विवरण
निगमित लेखकों:
Washington Office on Latin America
,
comp
स्वरूप:
मूलपाठ
प्रकाशित:
Washington D.C.:
s.e
टैग:
टैग जोड़ें
कोई टैग नहीं, इस रिकॉर्ड को टैग करने वाले पहले व्यक्ति बनें!
होल्डिंग्स
विवरण
टिप्पणियाँ
समान संसाधन
स्टाफ के लिए
MARC
LEADER
00000 a a2200000 04500
001
23807
003
040
090
|a
169000
110
|a
Washington Office on Latin America
245
|a
U.S. Policy in Central America and Mexico /
|c
Washington Office on Latin America
260
|a
Washington D.C.:
|b
s.e
300
|a
pag. cortada
710
|a
comp
999
|c
4542
|d
4542
समान संसाधन
U.S. Policy in Central American and Mexico /
Analysis of U.S. military policy in Central America
द्वारा: King, Edward L.
La Apertura de México al Pacífico /
U.S. Foreign Policy, National Security doctrine, and Central America /
द्वारा: Dash, Robert
Latin America and the U.S. national interest: a basis for U.S. foreign policy
द्वारा: Hayes, Margaret Daly